[Event "Champions Showdown Kings Blitz 2019-C"]
[Site "Saint Louis"]
[Date "2019.02.23"]
[Round "10"]
[White "So, Wesley"]
[Black "Navara, David"]
[Result "1/2-1/2"]
[WhiteElo "2765"]
[BlackElo "2738"]
[Annotator "TA"]
[PlyCount "81"]
[EventDate "2019.02.09"]
[EventType "match"]
[EventCountry "USA"]
[SourceTitle "playchess.com"]
[Source "ChessBase"]
[SourceQuality "1"]

{[%evp 11,81,3,0,0,0,0,0,0,19,14,22,22,27,22,46,45,35,0,0,-14,-14,-41,0,0,0,0,67,0,5,23,12,4,7,0,8,13,55,35,34,0,0,0,20,0,0,0,8,0,0,0,0,0,0,0,0,0,0,0,70,13,12,0,0,0,0,0,0,0,0,0,0,0]} 1. c4 e5 2. Nc3 Nf6 3. Nf3 Nc6 4. e3 Bb4 5. Qc2 Bxc3 6. Qxc3 Qe7 7. d4 {[%cal Rf3e5] A28: English Opening: Four Knights Variation} exd4 8. Nxd4 Ne4 9. Qd3 Qb4+ 10. Bd2 Qxd2+ (10... Nxd2 11. Qxd2 Qe7 12. Nxc6 bxc6 13. Qc3 O-O 14. c5 a5 {1-0 (36) Duda,J (2738)-Svidler,P (2737) St Petersburg 2018}) 11. Qxd2 Nxd2 12. Kxd2 d6 13. Nxc6 $146 ({Predecessor:} 13. Nb5 Kd8 14. Kc3 a6 15. Nd4 Nxd4 {½-½ (15) Flores,D (2543)-Fedorchuk,S (2603) Lorca 2007}) 13... bxc6 14. c5 a5 15. Kc3 Be6 16. Be2 Kd7 17. Rhd1 Bd5 18. g3 Rhe8 ({Black should try} 18... Ke7 $11) 19. Rd4 (19. cxd6 $1 $14 cxd6 20. Rxd5 cxd5 21. Bb5+ Ke6 22. Bxe8 Rxe8 23. b4) 19... Re4 20. Rxe4 Bxe4 $11 {[%mdl 4096] Endgame KRB-KRB} 21. Rd1 Bd5 22. a3 Rb8 23. Rd4 dxc5 24. Ra4 $1 Ra8 25. Kc2 {[%mdl 1024] White has compensation.} Kd6 26. Bd3 f5 27. h4 g6 {[#]} 28. h5 $1 {[%mdl 512]} Ke5 (28... gxh5 29. Rf4) 29. hxg6 hxg6 30. Rh4 Rd8 31. Be2 Be4+ 32. Kc3 g5 33. Rh7 Kd6 34. Rh6+ Kd7 ({Better is} 34... Ke7 $1 $11) 35. f3 (35. g4 $1 $14) 35... Bd5 {The position is equal.} 36. Rg6 Re8 37. Kd2 Rb8 38. Kc2 Re8 39. Kd2 Rb8 40. Kc2 Re8 41. Kd2 {Accuracy: White = 44%, Black = 59%.} 1/2-1/2

[Event "Champions Showdown Kings Blitz 2019-C"]
[Site "Saint Louis"]
[Date "2019.02.22"]
[Round "11"]
[White "Navara, David"]
[Black "So, Wesley"]
[Result "1-0"]
[WhiteElo "2738"]
[BlackElo "2765"]
[Annotator "TA"]
[PlyCount "91"]
[EventDate "2019.02.09"]
[EventType "match"]
[EventCountry "USA"]
[SourceTitle "playchess.com"]
[Source "ChessBase"]
[SourceQuality "1"]

{[%evp 26,91,16,10,12,0,0,0,5,0,0,0,0,0,0,0,0,0,62,58,62,69,66,0,0,0,13,27,36,0,29,0,0,0,188,188,185,186,1079,962,1076,925,548,489,483,351,686,667,543,347,984,896,1031,1004,984,755,685,213,1178,1265,29981,29982,29987,29988,29988,29989,29989,29990]} 1. d4 Nf6 2. c4 e6 3. Nc3 d5 4. cxd5 Nxd5 5. e4 Nxc3 6. bxc3 c5 7. Nf3 cxd4 8. cxd4 Bb4+ 9. Bd2 Bxd2+ 10. Qxd2 O-O 11. Bc4 Nd7 12. O-O b6 13. Rad1 Bb7 14. Rfe1 Rc8 {D41: Queen's Gambit Declined: Semi-Tarrasch with 5 cxd5} 15. Bb3 Re8 16. d5 (16. h3 Nf6 17. Qf4 Nh5 18. Qh2 h6 19. d5 exd5 20. e5 g6 21. Nd4 Ng7 22. Nb5 {½-½ (54) Mamedyarov,S (2820)-Ding,L (2804) Batumi 2018}) 16... exd5 {The position is equal.} 17. exd5 Nc5 18. d6 Bxf3 $1 19. Rxe8+ Qxe8 20. gxf3 {aiming for d7.} Qd7 21. Re1 {Re7 is the strong threat.} Re8 $146 (21... Ne6 $11) ({Predecessor:} 21... Ne6 22. f4 {½-½ (49) Jaeckel,C (2394)-Kveinys,V (2131) ICCF email 2011}) 22. Rxe8+ $14 Qxe8 23. Qg5 {Black must now prevent Qe7.} Kf8 $1 ({Don't go for} 23... Nxb3 $2 24. Qe7 $18 (24. axb3 Kf8 $14)) 24. Kg2 ({White should play} 24. Qd5 $14) 24... Qd7 $11 25. Qd5 {White wants to play Qa8+.} Nxb3 26. axb3 {[%mdl 4096] Endgame KQ-KQ} f6 27. f4 g6 28. f3 a5 29. Qd4 Qe6 $2 {[#]} (29... Qd8 $11 {and Black is okay.}) 30. Kf2 $1 $18 ({Weaker is} 30. Qxb6 Qe2+ 31. Kg1 Qe1+ 32. Kg2 Qe2+ 33. Kg3 Qe1+ 34. Kg4 Qe6+ 35. Kh4 Qe1+ 36. Kh3 Qf1+ 37. Kh4 Qxf3 $11) 30... Ke8 31. Qxb6 Qd5 $2 (31... Kd7) 32. Ke3 Qd1 33. Qb5+ Kf8 34. Qd3 Qe1+ 35. Kd4 Qb4+ $2 {[#]} (35... a4 36. bxa4 Qb4+ 37. Kd5 Qb7+ 38. Kc5 Qa7+ 39. Kb4 Qb6+ 40. Qb5 (40. Ka3 Qc5+ 41. Ka2 Qf2+ 42. Ka3 Qc5+ 43. Kb3 Qb6+ 44. Qb5 Qxd6 $16) 40... Qd4+ 41. Kb3 Qxd6) 36. Kd5 $1 ({Not} 36. Ke3 Ke8 $16) 36... Qb7+ 37. Kc5 Qa7+ $2 (37... a4 38. bxa4 Qa7+ 39. Kb5 Qb7+ 40. Ka5 Qa7+ 41. Kb4 Qb6+ 42. Ka3 Qc5+ 43. Kb3 Qb6+ 44. Qb5 Qxd6) 38. Kb5 Qb7+ 39. Kxa5 Qa7+ 40. Kb4 Qb6+ 41. Ka3 $2 (41. Qb5 Qd4+ 42. Ka5 Qxd6 43. Qb4 Qxb4+ 44. Kxb4) 41... Qc5+ $2 (41... Qa7+ 42. Kb4 Qb6+ 43. Ka4 Qc6+ 44. Ka5 Qa8+ 45. Kb4 Qc6) 42. b4 Qc1+ 43. Kb3 {White mates.} Ke8 44. Qe4+ Kf8 45. Qe7+ {[%mdl 64] Double Attack} Kg8 46. Qd8+ {Accuracy: White = 66%, Black = 33%.} 1-0

[Event "Champions Showdown Kings Blitz 2019-C"]
[Site "Saint Louis"]
[Date "2019.02.22"]
[Round "12"]
[White "So, Wesley"]
[Black "Navara, David"]
[Result "1/2-1/2"]
[WhiteElo "2765"]
[BlackElo "2738"]
[Annotator "TA"]
[PlyCount "167"]
[EventDate "2019.02.09"]
[EventType "match"]
[EventCountry "USA"]
[SourceTitle "playchess.com"]
[Source "ChessBase"]
[SourceQuality "1"]

{[%evp 15,167,14,6,6,39,0,13,0,0,0,4,0,20,-119,-10,-65,-56,-64,0,0,0,0,0,0,-6,0,0,-23,-22,-58,-49,-56,-51,-62,-62,-62,-62,-63,-61,-75,-61,-61,-61,-83,-77,-88,-84,-91,-93,-99,-102,-107,-112,-139,-95,-161,-121,-136,-135,-136,-121,-121,-121,-121,-121,-121,-121,-121,-121,-121,-121,-121,-99,-99,0,-121,-121,-121,-121,-121,-121,-121,-121,-121,-121,-121,-116,-121,-121,-121,-121,-121,-121,-120,-121,-121,-120,-113,-106,-121,-119,-201,-122,-125,-125,-207,0,-113,0,-106,0,-136,-99,-120,-112,-113,-113,-113,-99,-113,0,-187,-99,-99,-91,-203,-203,-192,-170,-632,-620,-584,-427,-427,-411,-332,0,-408,-422,-420,-390,-490,-472,-449,-161,-164,0,0,0,0,0,0,0,0]} 1. c4 Nf6 2. Nc3 e5 3. Nf3 Nc6 4. e3 g6 5. d4 d6 6. Be2 Bg7 7. O-O O-O 8. b3 {A25: English Opening vs King's Indian with ...Nc6 but without early d3} exd4 {LiveBook: 3 Games} 9. exd4 d5 10. Bg5 $146 {White is slightly better.} ({Predecessor:} 10. Be3 dxc4 11. bxc4 Ng4 12. Bg5 Qd6 13. c5 Qd7 {½-½ (37) Berkes,F (2541)-Sitnikov,A (2218) Oropesa del Mar 2001}) 10... dxc4 11. bxc4 h6 12. Bf4 g5 13. Be3 Ng4 14. Qd2 (14. Rc1 $11) 14... f5 (14... Nxe3 $17 15. fxe3 g4) 15. h3 ({Better is} 15. d5 $1 $11 Nxe3 16. fxe3) 15... Nxe3 $15 16. fxe3 f4 (16... g4 $15 17. hxg4 fxg4) 17. Rad1 $11 g4 18. hxg4 Bxg4 19. exf4 Bxf3 $1 20. Rxf3 Qxd4+ 21. Qxd4 Nxd4 22. Rf2 Ne6 $36 {[%mdl 2048] Black has the initiative.} 23. Bg4 Nxf4 24. Nd5 Nxd5 25. Rxd5 Rae8 {aiming for ...Re1+.} 26. Rxf8+ Kxf8 $15 {[%mdl 4096] Endgame KRB-KRB} 27. Bh5 {Threatens to win with Rf5+.} Re1+ 28. Kf2 Ra1 29. Rd2 Ke7 30. Bg4 Be5 31. Re2 Kf6 32. Rd2 Bd6 33. Rb2 b6 34. Rd2 Ke5 35. Bf3 (35. Bd1 $17) 35... a5 36. Rd5+ Kf6 37. Rd2 a4 38. Ke3 Bb4 39. Re2 a3 40. Kd3 Rc1 41. Rc2 Rb1 42. Re2 Bd6 43. Kc2 Rb2+ 44. Kd3 Rb1 45. Kc2 $1 {[%cal Rc2b1]} Ra1 46. Kb3 Kg5 47. Bd5 h5 48. Rf2 Rb1+ 49. Kc3 Be5+ 50. Kd3 h4 51. Re2 Bd6 52. Kc2 Ra1 53. Kb3 Kf4 54. Re4+ Kg3 55. Re2 Rb1+ 56. Kc2 Rf1 57. Kb3 Bc5 58. Rd2 (58. Kc2 $17) 58... Rb1+ 59. Kc2 Ra1 60. Kb3 (60. Kd3 $17) 60... Bd6 (60... Re1 $1 $19 61. Kc3 Be3) 61. Re2 $1 $17 Rb1+ 62. Kc2 Rf1 63. Kb3 $1 Kh2 64. Kc2 Bc5 65. Kb3 Rb1+ 66. Kc2 Ra1 67. Kb3 Kg3 (67... Rf1 $17 68. Rd2 Rb1+ 69. Kc2 Ra1) 68. Rd2 $1 $19 {[#]} Rg1 ({Black should try} 68... Re1 $1 $19 69. Kc2 Bb4 70. Rd3+ Kf4 71. Rf3+ Ke5) 69. Re2 Bf2 70. Re7 {[#]} (70. Re6 $17) 70... Rb1+ $1 71. Kc3 Rb2 {Hoping for ...Bc5.} 72. Rxc7 $2 (72. c5) 72... Bc5 73. Rg7+ Kf4 74. Rf7+ Kg4 75. Rg7+ Kf4 76. Rf7+ $1 Ke5 77. Rh7 Rxa2 {White must now prevent ...Rb2.} 78. Rh5+ Kf6 79. Rxh4 Rf2 $2 (79... Ra1 {...Rb1 is the strong threat.} 80. Kc2 Rg1) 80. Rh1 a2 $2 (80... Rb2 $19 {And now ...Bb4+ would win.} 81. Be4 Bb4+ 82. Kd4 a2) 81. Ra1 $1 $11 {The position is equal.} Ke5 {( -> ...Bd4+)} (81... Bd6 $5 82. Kb3 $8 Ke5 $11) 82. Kb3 {[#]} b5 $1 {[%mdl 512]} 83. Rxa2 (83. cxb5 Kxd5) 83... bxc4+ 84. Bxc4 {Precision: White = 47%, Black = 59%.} 1/2-1/2

[Event "Champions Showdown Kings Blitz 2019-C"]
[Site "Saint Louis"]
[Date "2019.02.22"]
[Round "13"]
[White "Navara, David"]
[Black "So, Wesley"]
[Result "0-1"]
[WhiteElo "2738"]
[BlackElo "2765"]
[Annotator "TA"]
[PlyCount "118"]
[EventDate "2019.02.09"]
[EventType "match"]
[EventCountry "USA"]
[SourceTitle "playchess.com"]
[Source "ChessBase"]
[SourceQuality "1"]

{[%evp 15,118,0,0,0,0,-7,-16,-34,-32,-66,-79,-109,-108,-108,-72,-197,-196,-188,-187,-183,-195,-194,-191,-210,-139,-212,-199,-287,-285,-404,-412,-395,-188,-206,-114,-140,-125,-102,-63,-94,-108,-110,-104,-178,-174,-155,-73,-105,-99,-105,-98,-116,-120,-312,-313,-369,-354,-416,-403,-362,-362,-1200,-1177,-1241,-983,-1457,-757,-743,-689,-750,-622,-588,-576,-518,-302,-772,-687,-1205,-1164,-813,-615,-607,-583,-598,-589,-558,-539,-546,-179,-450,-442,-852,-698,-518,-356,-337,-330,-390,-370,-6107,-845,-29962,-754,-1985,-1319]} 1. c4 e6 2. Nc3 d5 3. d4 Be7 4. cxd5 exd5 5. Bf4 c6 6. e3 Bf5 7. Nge2 Nd7 8. Ng3 Bg6 9. Rc1 {D31: Queen's Gambit Declined: Semi-Slav without ...Nf6 (+ Marshall Gambit and Noteboom) and Exchange Variation lines without ...Nf6} (9. Be2 Ngf6 10. h4 h5 11. Bg5 Ne4 12. Bxe7 Qxe7 13. Nxh5 Bxh5 14. Bxh5 g6 15. Nxe4 Rxh5 16. Ng3 Rxh4 17. Rxh4 Qxh4 {½-½ (52) Navara,D (2741)-Harikrishna,P (2739) Linares 2018}) 9... Nf8 10. h4 $146 ({Predecessor:} 10. Be2 Ne6 11. Bg4 Nxf4 12. exf4 Nh6 13. f5 Qd7 14. Qf3 Nxg4 15. Qxg4 h5 16. Qf3 Bh7 17. Nxh5 {1-0 (40) Shadunts,K (1845)-Emanuel,Y (2088) St Petersburg 2017}) 10... h5 11. Qb3 {The position is equal.} Qb6 12. Nxd5 Qxb3 13. Nc7+ {[%mdl 64] Double Attack} Kd7 $1 14. axb3 Rc8 15. d5 (15. Na6 $17 bxa6 16. Bxa6) 15... Bb4+ $19 ({Not} 15... Rxc7 16. d6 $1 $16 {[%mdl 512]}) 16. Kd1 {Threatens to win with dxc6+.} Rxc7 17. Bxc7 Kxc7 18. dxc6 bxc6 19. Bc4 Ne6 20. Ke2 (20. Ne2 $17 {keeps fighting.}) 20... Nf6 21. f4 (21. f3 $142) 21... Re8 22. Kf3 (22. Bxe6 {might work better.} fxe6 23. Rhd1) 22... Ng4 {( -> ...Nd4+!)} 23. Bxe6 fxe6 (23... Rxe6 $142 {[%csl Gg4][%cal Re6e3]} 24. e4 Bxe4+ $1 {[%mdl 576] Deflection} 25. Nxe4 f5) 24. Rc4 c5 (24... Bd2 $19 25. Nf1 Ba5) 25. Ne4 Bxe4+ $1 26. Rxe4 e5 27. Rc1 {Hoping for Rxb4.} Kd6 28. Rd1+ Ke6 29. fxe5 (29. g3 $17) 29... Nxe5+ 30. Ke2 Rf8 (30... Ba5 $142 31. Ra4 Bb6) 31. Rf4 Rxf4 32. exf4 Nc6 33. Rd3 Nd4+ 34. Ke3 $2 (34. Kf2 $17 {was necessary.}) 34... Kf5 35. Rd1 a5 36. g3 g6 37. Kf2 Ke4 ({Weaker is} 37... Nxb3 38. Rd5+ Ke6 39. Re5+ Kf6 40. Re4 $17) 38. g4 $2 (38. Kg2 Ke3 39. Kh3) 38... hxg4 39. Kg3 Kf5 40. Rd3 Ne2+ 41. Kf2 Nxf4 42. Rd8 Ne6 43. Rd5+ Kf4 {White must now prevent ...g3+.} 44. Rd6 Ke5 45. Ra6 $2 (45. Rd7) 45... Kf5 46. Rd6 Nd4 47. Rd5+ Kf6 48. Rd6+ Kg7 49. Rd7+ Kh6 50. Kg3 Nxb3 51. Kxg4 Nd4 $2 (51... c4 {...Nc1 is the strong threat.} 52. Rf7 Bc5) 52. Rc7 $2 (52. Rd6 {was called for.}) 52... Nf5 53. h5 (53. Kf4 $142 Nxh4 54. Rc8) 53... Ne3+ 54. Kf3 Nd5 55. Rd7 Nf6 56. Rd6 Nxh5 57. b3 $2 (57. Kg4) 57... Ng7 58. Kg4 {[#]} Nf5 (58... c4 $142 $1 59. Rd8 (59. bxc4 Bxd6) 59... Ne6 60. Rc8 cxb3 61. Rc1 a4 62. Rg1 a3 63. Ra1 a2 64. Kf3 b2 65. Rxa2 Ng5+ 66. Kg3 b1=Q 67. Rh2+ Kg7 68. Re2 Qg1+ 69. Kh4 Be1+ {[%mdl 64] Overworked Piece} 70. Rxe1 Qf2+ 71. Kg4 Qf3+ 72. Kxg5 Qg3#) 59. Rd7 Nd4 {Accuracy: White = 25%, Black = 55%.} 0-1

[Event "Champions Showdown Kings Blitz 2019-C"]
[Site "Saint Louis"]
[Date "2019.02.24"]
[Round "14"]
[White "So, Wesley"]
[Black "Navara, David"]
[Result "1-0"]
[WhiteElo "2765"]
[BlackElo "2738"]
[Annotator "TA"]
[PlyCount "89"]
[EventDate "2019.02.09"]
[EventType "match"]
[EventCountry "USA"]
[SourceTitle "playchess.com"]
[Source "ChessBase"]
[SourceQuality "1"]

{[%evp 16,89,8,14,11,0,0,0,15,4,56,56,61,59,133,81,83,85,90,73,154,156,162,183,184,143,268,254,259,250,259,259,260,260,386,383,486,447,494,360,352,320,354,338,367,276,272,272,322,280,426,37,27,43,39,0,0,0,39,0,164,172,239,224,354,340,282,199,191,191,279,283,1631,529,510,518]} 1. e4 c6 2. d4 d5 3. e5 c5 4. dxc5 e6 5. Nf3 Bxc5 6. a3 {B12: Caro-Kann: Advance Variation} f6 (6... Ne7 7. Bd3 Ng6 8. O-O O-O 9. Nbd2 Nc6 10. b4 Bb6 11. Bxg6 fxg6 12. Nb3 Bd7 13. Re1 {1-0 (29) Anand,V (2773)-Mamedyarov,S (2817) Wijk aan Zee 2019}) 7. b4 Be7 8. Bb2 a5 9. b5 {LiveBook: 3 Games} Nd7 10. Nbd2 Qc7 $146 {[%cal Rf6e5]} ({Predecessor:} 10... fxe5 11. Nxe5 Nxe5 12. Bxe5 Bf6 13. Bxf6 Nxf6 14. Be2 O-O 15. O-O e5 16. c4 d4 17. Bf3 Qe7 18. Re1 Re8 19. Re4 Bf5 {½-½ (19) Skogheim,O (1992)-Vinke,D (2166) Drammen 2018}) 11. exf6 Ngxf6 12. c4 Bc5 (12... O-O $11) 13. Bd3 $14 O-O 14. O-O Nb6 (14... Bd6 $14) 15. Rc1 (15. Qc2 $142) 15... Qe7 $16 16. a4 Bd7 17. cxd5 Nbxd5 {[#]} (17... Nfxd5 $142 18. Ne5 (18. Qc2 Rac8 $16) 18... Be8) 18. Ne4 $1 {[%cal Re4c5]} Rac8 19. Nxc5 Rxc5 20. Qd2 Nb4 (20... Rxc1 $16 {was called for.} 21. Rxc1 b6) 21. Rxc5 $18 Qxc5 22. Bxf6 Rxf6 {[#]} 23. Bxh7+ $1 {[%mdl 512]} Kxh7 24. Qxd7 Rxf3 (24... Qd5 $142 25. Rd1 Qxd7 26. Rxd7 Nd5) 25. gxf3 {[%mdl 4096] Endgame KQR-KQN} Qf5 26. Qd4 Qxf3 27. Qh4+ Kg8 28. Qg3 Qe4 29. f3 Qe3+ 30. Qf2 Qg5+ 31. Kh1 Nd3 32. Qg3 Qe3 (32... Qd5 {might work better.} 33. Rg1 Qd7 34. Qb8+ Kh7) 33. Rg1 $2 (33. Qb8+ $18 Kh7 34. Qxb7 Nf2+ 35. Kg2) 33... Nf2+ $14 34. Kg2 Nd3 35. Kh1 {[%csl Gg1][%cal Rg3g7]} Nf2+ 36. Kg2 Nd3 37. Rf1 Qe2+ $2 (37... Nf4+ $1 $11 {and Black is okay.} 38. Kh1 Qd4) 38. Kg1 $18 Qe3+ (38... b6 $142 39. h3 Qe3+ 40. Kh1 Qe2) 39. Kh1 Qe2 (39... b6 {was worth a try.} 40. f4 Qd4) 40. Qg2 Qe3 41. h3 Nf4 42. Qg3 Qe2 (42... b6 $142 43. Qf2 Qd3) 43. Rg1 {[%csl Gg1][%cal Rg3g7]} ({Not} 43. Qxf4 Qxf1+ 44. Kh2 Qf2+ 45. Kh1 Qf1+ 46. Kh2 Qf2+ 47. Kh1 b6 $11) 43... Nh5 $2 (43... Qe5 44. Qg5 Qxg5 45. Rxg5 Nd5) 44. Qg4 (44. Qb8+ $142 Kf7 45. Qxb7+ Kf6 46. Qe4 Qxe4 47. fxe4) 44... Qe5 45. Qg5 {Precision: White = 59%, Black = 31%.} 1-0

[Event "Champions Showdown Kings Blitz 2019-C"]
[Site "Saint Louis"]
[Date "2019.02.22"]
[Round "15"]
[White "Navara, David"]
[Black "So, Wesley"]
[Result "1/2-1/2"]
[WhiteElo "2738"]
[BlackElo "2765"]
[Annotator "TA"]
[PlyCount "116"]
[EventDate "2019.02.09"]
[EventType "match"]
[EventCountry "USA"]
[SourceTitle "playchess.com"]
[Source "ChessBase"]
[SourceQuality "1"]

{[%evp 20,116,7,0,-6,-88,-103,-90,-21,-44,-23,-111,-110,-138,-126,-220,-100,-106,-89,-101,-112,-108,-45,-73,-45,-55,-64,-55,0,-48,-33,-50,-65,-77,-66,-90,0,0,-19,-32,-24,-44,-47,-50,58,50,62,-21,-18,-18,-18,-18,-28,-15,8,8,8,8,12,0,433,500,810,708,1287,1190,1124,854,2124,1731,11192,11560,7564,7520,6735,6457,2507,1073,6221,5509,29942,29955,29955,29950,29970,29971,29975,29976,29977,29974,5505,8,8,8,8,8,8,0,0]} 1. c4 e6 2. Nc3 d5 3. d4 Be7 4. cxd5 exd5 5. Bf4 c6 6. e3 Bf5 7. Nge2 Nd7 8. Ng3 Bg6 9. Be2 {D31: Queen's Gambit Declined: Semi-Slav without ...Nf6 (+ Marshall Gambit and Noteboom) and Exchange Variation lines without ...Nf6} Ngf6 10. h4 h5 11. Bg5 {LiveBook: 3 Games} Bd6 (11... Ne4 12. Bxe7 Qxe7 13. Nxh5 Bxh5 14. Bxh5 g6 15. Nxe4 Rxh5 16. Ng3 Rxh4 17. Rxh4 Qxh4 {½-½ (52) Navara,D (2741)-Harikrishna,P (2739) Linares 2018}) 12. f4 $146 {[#]} (12. Bf4 $11 {keeps the balance.} Qb8 13. Qd2) ({Predecessor:} 12. Rh3 Qb6 13. Qd2 O-O 14. Kf1 Rfe8 15. Kg1 Rac8 16. Bf3 Ng4 {½-½ (48) Portisch,L-Geller,E Portoroz 1973}) 12... Qb6 $1 $17 13. Qd2 {[#]} O-O-O (13... Ne4 $1 $17 {[%cal Re4d2]} 14. Ngxe4 Bxe4 15. Nxe4 dxe4) 14. Rc1 Kb8 15. a3 (15. O-O $11 {remains equal.}) 15... Rde8 16. Bxf6 Nxf6 17. b4 (17. Kf2 $17) 17... Re7 (17... Ng4 $19 {is more deadly.} 18. Nf1 Qd8 19. Bxg4 hxg4) 18. O-O Rhe8 19. Rf3 Ng4 {[%cal Re7e3]} 20. Nf1 Qd8 (20... Bf5 $17 21. Bd3 Bxd3 22. Qxd3 a6) 21. b5 Bxa3 (21... Be4 $5 22. Nxe4 dxe4 $15) 22. Ra1 Bb4 23. bxc6 bxc6 (23... Be4 $15 24. Qa2 bxc6 25. Nxe4 dxe4) 24. Qb2 a5 {[%cal Rg4e3]} 25. f5 Bh7 {[%cal Rg4e3]} 26. Na2 Rb7 27. Nxb4 Rxb4 (27... axb4 $17 28. Qb3 (28. Qa2 $2 b3 $17) 28... Qd6) 28. Qc3 $11 Qb6 29. Bd1 g6 30. Nd2 gxf5 31. Nb3 $1 f4 (31... Kc7 $15) 32. Nxa5 $14 Kc7 $1 {[%cal Re8e3]} 33. Nxc6 (33. Rxf4 $14 Bg6 34. Bxg4 hxg4 35. Rff1) 33... Rc4 $11 34. Ra7+ $1 {[#]} Qxa7 $1 {[%mdl 512]} 35. Nxa7 Rxc3 36. Nb5+ Kc6 37. Nxc3 {And now Ba4+ would win.} Rxe3 38. Rxe3 fxe3 {[%mdl 4096] Endgame KBN-KBN} ({Of course not} 38... Nxe3 39. Bxh5 Nf5 40. Bxf7 $16) 39. Kf1 {aiming for Bxg4.} Kd6 $2 {[%mdl 8192]} (39... Bd3+ $11 {and Black stays safe.} 40. Ke1 f5) 40. Bxg4 $1 $18 hxg4 {KB-KN} 41. Ke2 g3 42. Kxe3 Bg6 43. Kf4 Bh5 44. Kxg3 f6 45. Kf4 Ke6 46. g4 Bg6 47. Ne2 Bd3 48. Ke3 (48. Kf3 $142 Kd6 49. Nc1) 48... Bc2 49. Nf4+ Kd6 50. g5 fxg5 51. hxg5 Bf5 52. Kf3 Kc6 53. Kg3 Bb1 54. Kg4 Kb5 55. g6 $2 (55. Ne6 $18 Kc6 56. Kh5) 55... Bxg6 $1 $11 {The position is equal.} 56. Nxg6 {Threatening mate with Kf5.} Kc4 57. Nf4 {White wants to mate with Ne6.} Kxd4 58. Nxd5 Kxd5 {Precision: White = 43%, Black = 38%.} 1/2-1/2

[Event "Champions Showdown Kings Blitz 2019-C"]
[Site "Saint Louis"]
[Date "2019.02.22"]
[Round "16"]
[White "So, Wesley"]
[Black "Navara, David"]
[Result "1-0"]
[WhiteElo "2765"]
[BlackElo "2738"]
[Annotator "TA"]
[PlyCount "76"]
[EventDate "2019.02.09"]
[EventType "match"]
[EventCountry "USA"]
[SourceTitle "playchess.com"]
[Source "ChessBase"]
[SourceQuality "1"]

{[%evp 9,76,19,21,7,13,13,29,22,16,25,11,0,0,-34,1,0,124,33,36,29,50,58,89,66,107,102,106,86,102,25,58,35,41,-64,283,283,263,279,267,258,287,285,344,350,612,613,612,614,595,562,619,575,644,593,637,637,828,850,679,537,777,778,758,751,740,201,1785,1744,5097]} 1. e4 c6 2. d4 d5 3. e5 c5 4. dxc5 e6 5. Nf3 Bxc5 6. a3 {B12: Caro-Kann: Advance Variation} f6 (6... Ne7 {is interesting.} 7. b4 Bb6 8. Bb2 O-O 9. Nbd2 Bd7) (6... Ne7 7. Bd3 Ng6 8. O-O O-O 9. Nbd2 Nc6 10. b4 Bb6 11. Bxg6 fxg6 12. Nb3 Bd7 13. Re1 {1-0 (29) Anand,V (2773)-Mamedyarov,S (2817) Wijk aan Zee 2019}) 7. b4 Be7 8. Bb2 {White has an edge.} a5 9. b5 Nd7 10. Nbd2 Nh6 $146 ({Predecessor:} 10... fxe5 11. Nxe5 Nxe5 12. Bxe5 Bf6 13. Bxf6 Nxf6 14. Be2 O-O 15. O-O e5 16. c4 d4 17. Bf3 Qe7 18. Re1 Re8 19. Re4 Bf5 {½-½ (19) Skogheim,O (1992)-Vinke,D (2166) Drammen 2018}) 11. Be2 O-O 12. O-O Ng4 (12... Nf7 $11) 13. exf6 (13. Nd4 $16 Nxf2 14. Rxf2) 13... Bxf6 $14 14. Bxf6 Qxf6 15. c4 a4 16. Rc1 Kh8 17. h3 Nge5 18. Re1 Ng6 19. Nf1 ({Better is} 19. Bd3 $16) 19... e5 {[#] And now ...e4 would win.} 20. Ne3 e4 21. Ng4 ({White must play} 21. Nxd5 $14 Qf7 22. Nd2) 21... exf3 $4 {[%mdl 8192]} (21... Qf7 $15 {keeps the upper hand.} 22. Qxd5 (22. Ng5 Qe7 $17) 22... Qxd5 23. cxd5 exf3 24. Bxf3 Ra5) 22. Nxf6 $18 fxe2 23. Rxe2 Nxf6 24. cxd5 Nf4 25. Rd2 Ne4 26. Rd4 Bf5 $2 (26... Nd6 27. Qd2 Ng6) 27. f3 Nxh3+ 28. gxh3 Nd6 29. b6 Rf6 30. h4 Raf8 31. Kh2 Bc8 32. Rxa4 Rxf3 33. Qxf3 Rxf3 34. Ra8 Rf2+ 35. Kg1 Rf8 36. a4 Kg8 37. a5 $2 (37. Rc7) 37... Re8 $2 {[#]} (37... Bd7 38. Rxf8+ Kxf8) 38. a6 $1 {[%mdl 512]} bxa6 {Accuracy: White = 56%, Black = 31%.} 1-0